| 000 | 01191nam a2200265Ia 4500 | ||
|---|---|---|---|
| 999 |
_c40563 _d40563 |
||
| 001 | 7187 | ||
| 003 | GE_BSU | ||
| 005 | 20230901152024.0 | ||
| 008 | 181216s2011||||ge |||||||||||||| ||geo|| | ||
| 020 | _a9789941422928 | ||
| 040 | _cGE_BSU | ||
| 041 | _ageo | ||
| 080 | _a821.133.1-31 ფ-76 | ||
| 100 |
_aფლობერი, გუსტავ _912649 |
||
| 245 |
_aმადამ ბოვარი : _bრომანი / _cგუსტავ ფლობერი ; არისტო ჭუმბაძის თარგმანი ; რედ. ლია შარვაშიძე. |
||
| 264 |
_aთბილისი : _bპალიტრა L, _c2011. |
||
| 300 |
_a395 გვ. ; _c22 სმ. |
||
| 490 |
_a50 წიგნი, რომელიც უნდა წაიკითხო სანამ ცოცხალი ხარ _vწ 22 _xISSN: 1987-9628 |
||
| 541 | _h10ლ. | ||
| 653 | _aრომანი | ||
| 653 | _aმადამ ბოვარი | ||
| 700 |
_aჭუმბაძე, არისტო _eმთარგმნელი _919750 |
||
| 700 |
_aშარვაშიძე, ლია _eრედაქტორი _95787 |
||
| 942 |
_cBK _2udc |
||